000 00685nam a2200241 i 4500
001 bg
003 BPK
005 20191002090801.0
008 s1988 uk a f |000 0 eng d
020 _a9780582749166
040 _cBPK
080 _a811.111
080 _a(07)
100 1 _aLaird, Elizabet
245 0 _aWelcome to Great Britain & the USA /
_cElizabeth Laird.
250 _a7th impr.
260 _aHarlow :
_bLongman ;
_c1990.
300 _a[64] s. :
_bil. ;
_c25 cm.
650 4 _aJęzyk angielski
655 4 _aPodręcznik
942 _cKS
_2UKD
856 _uhttp://koha.tu.koszalin.pl/cgi-bin/koha/opac-detail.pl?biblionumber=4230
_yKatalog online BPK
999 _c4230
_d4230